000 00392cam a2200169ua 4500
020 _c2.00
041 _aeng
_h
082 _a320.58
_bGAN/TR
100 _aGandhi, M.K .
245 _aTrusteeship /
_cM.K.Gandhi.
_hTextual Documents
260 _a :
_bNavajivan publishing house ,
_c1960.
300 _a40 ; .
365 _a2.00
504 _a
942 _cBK
999 _c2257
_d2257